Eastern Utah Libraries Catalog: Duchesne, Heber, Roosevelt, & Vernal

Trojan odyssey / (Record no. 6472)

MARC details
000 -LEADER
fixed length control field 01172cam a2200385 a 4500
003 - CONTROL NUMBER IDENTIFIER
control field DLC
005 - DATE AND TIME OF LATEST TRANSACTION
control field 20241220104105.0
008 - FIXED-LENGTH DATA ELEMENTS--GENERAL INFORMATION
fixed length control field 030718s2003 nyua 000 1 eng
001 - CONTROL NUMBER
control field 2003058502
010 ## - LIBRARY OF CONGRESS CONTROL NUMBER
LC control number 2003058502
020 ## - INTERNATIONAL STANDARD BOOK NUMBER
International Standard Book Number 0399150803 (acidfree paper)
035 ## - SYSTEM CONTROL NUMBER
System control number (Sirsi) i9780399150807
040 ## - CATALOGING SOURCE
Original cataloging agency DLC
Transcribing agency DLC
Modifying agency DLC
050 00 - LIBRARY OF CONGRESS CALL NUMBER
Classification number PS3553.U75
Item number T76 2003
082 00 - DEWEY DECIMAL CLASSIFICATION NUMBER
Classification number 813/.54
Edition number 22
082 ## - DEWEY DECIMAL CLASSIFICATION NUMBER
Classification number CUS
092 ## - LOCALLY ASSIGNED DEWEY CALL NUMBER (OCLC)
Classification number CUS
100 1# - MAIN ENTRY--PERSONAL NAME
Personal name Cussler, Clive.
9 (RLIN) 14580
245 10 - TITLE STATEMENT
Title Trojan odyssey /
Statement of responsibility, etc Clive Cussler.
260 ## - PUBLICATION, DISTRIBUTION, ETC. (IMPRINT)
Place of publication, distribution, etc New York :
Name of publisher, distributor, etc Putnam,
Date of publication, distribution, etc c2003.
300 ## - PHYSICAL DESCRIPTION
Extent 485 p. :
Other physical details ill. ;
Dimensions 24 cm.
650 #0 - SUBJECT ADDED ENTRY--TOPICAL TERM
Topical term or geographic name as entry element Pitt, Dirk (Fictitious character)
Form subdivision Fiction.
9 (RLIN) 5692981
650 #0 - SUBJECT ADDED ENTRY--TOPICAL TERM
Topical term or geographic name as entry element Parent and adult child
Form subdivision Fiction.
9 (RLIN) 5695363
650 #0 - SUBJECT ADDED ENTRY--TOPICAL TERM
Topical term or geographic name as entry element Marine biologists
Form subdivision Fiction.
9 (RLIN) 5705044
650 #0 - SUBJECT ADDED ENTRY--TOPICAL TERM
Topical term or geographic name as entry element Marine engineers
Form subdivision Fiction.
9 (RLIN) 5803190
650 #0 - SUBJECT ADDED ENTRY--TOPICAL TERM
Topical term or geographic name as entry element Antiquities
Form subdivision Fiction.
9 (RLIN) 5684787
650 #0 - SUBJECT ADDED ENTRY--TOPICAL TERM
Topical term or geographic name as entry element Brown tide
Form subdivision Fiction.
9 (RLIN) 6499512
650 #0 - SUBJECT ADDED ENTRY--TOPICAL TERM
Topical term or geographic name as entry element Twins
Form subdivision Fiction.
9 (RLIN) 5674236
651 #0 - SUBJECT ADDED ENTRY--GEOGRAPHIC NAME
Geographic name Nicaragua
Form subdivision Fiction.
9 (RLIN) 6416064
655 #7 - INDEX TERM--GENRE/FORM
Genre/form data or focus term Adventure fiction.
Source of term gsafd
9 (RLIN) 6094552
655 #0 - INDEX TERM--GENRE/FORM
Genre/form data or focus term Suspense fiction.
9 (RLIN) 6094553
942 ## - ADDED ENTRY ELEMENTS (KOHA)
Koha item type BOOK
979 ## -
-- 277496
998 ## - LOCAL CONTROL INFORMATION (RLIN)
-- a12630
Holdings
Withdrawn status Lost status Source of classification or shelving scheme Damaged status Not for loan Collection code Home library Current library Shelving location Date acquired Source of acquisition Cost, normal purchase price Total Checkouts Full call number Barcode Date last seen Date checked out Cost, replacement price Price effective from Koha item type
    Dewey Decimal Classification     Fiction Wasatch County Library Wasatch County Library First Floor 01/25/2018 Donation 27.95 7 F Cussler 34301001619594 07/31/2024 07/19/2024 27.95 03/20/2020 BOOK
This project was made possible through a grant from the Institute of Museum and Library Service administered by the Utah State Library Division.

Wasatch County Library

  • 465 East 1200 South, Heber City, Utah 84032
  • Phone 435-654-1511 | Fax 435-654-6456

Hours

  • Monday - Friday 9:30 AM - 8:00 PM
  • Saturday 9:30 AM - 1:30 PM
  • Closed Sundays and Holidays